Mercantile law / (Record no. 86292)

MARC details
000 -LEADER
fixed length control field 00559nam a22002057a 4500
005 - DATE AND TIME OF LATEST TRANSACTION
control field 20140811110754.0
010 ## - LCCN (DPL NO)
LC control number ENG-110353
020 ## - INTERNATIONAL STANDARD BOOK NUMBER
International Standard Book Number 9789350621752
Terms of availability 450.00
035 ## - SYSTEM CONTROL NUMBER
System control number EN-93885
037 ## - SOURCE OF ACQUISITION
Source of stock number/acquisition DBAD/PUB
082 ## - DEWEY DECIMAL CLASSIFICATION NUMBER
Classification number 346.5407
100 ## - MAIN ENTRY--PERSONAL NAME
Personal name Gulshan, S. S.
245 ## - TITLE STATEMENT
Title Mercantile law /
Statement of responsibility, etc by S. S. Gulshan
250 ## - EDITION STATEMENT
Edition statement 4th ed
260 ## - PUBLICATION, DISTRIBUTION, ETC. (IMPRINT)
Place of publication, distribution, etc New Delhi
Name of publisher, distributor, etc Excel Books
Date of publication, distribution, etc 2013
270 ## - ADDRESS
Address A-45, Naraina, Phase I
City New Delhi
Postal code 110028
300 ## - PHYSICAL DESCRIPTION
Extent ix,728p.
Dimensions 28cm(pbk)
500 ## - GENERAL NOTE
General note Includes index
942 ## - ADDED ENTRY ELEMENTS (KOHA)
Source of classification or shelving scheme Dewey Decimal Classification
Item type English Books
Call number suffix GUL
Classification part 346.5407
Holdings
Withdrawn status Lost status Not for loan Collection code Home library Current library Date acquired Source of acquisition Cost, normal purchase price Full call number Barcode Copy number Cost, replacement price Koha item type
    Not For Loan Non-fiction D.B.Act.Division D.B.Act.Division 02/07/2014 DBAD/PUB 450.00 346.5407 GUL EN-93885 1 450.00 English Books

© Delhi Public Library
Hit Counter
free hit counter